Meissen and other continental porcelain faience and enamel (Record no. 7225)
[ view plain ]
| 000 -CABECERA | |
|---|---|
| campo de control de longitud fija | 00872nam a2200253 a 4500 |
| 001 - NÚMERO DE CONTROL | |
| campo de control | BRCA_7551 |
| 005 - FECHA Y HORA DE LA ÚLTIMA TRANSACCIÓN | |
| campo de control | 20190320205902.0 |
| 008 - DATOS DE LONGITUD FIJA--INFORMACIÓN GENERAL | |
| campo de control de longitud fija | 010613s1956----u--a######---#000-0#eng-# |
| 041 ## - CÓDIGO DE LENGUA | |
| Código de lengua del texto/banda sonora o título independiente | eng |
| 044 ## - CÓDIGO DEL PAÍS DE LA ENTIDAD EDITORA/PRODUCTORA | |
| Código MARC del país | u |
| 050 #4 - SIGNATURA TOPOGRÁFICA DE LA BIBLIOTECA DEL CONGRESO | |
| Número de clasificación | NK4380 |
| Número de documento/Ítem | .M45 1956 |
| 245 10 - MENCIÓN DE TÍTULO | |
| Título | Meissen and other continental porcelain faience and enamel |
| Resto del título | in the Irwin Untermyer collection |
| Mención de responsabilidad, etc. | text by Yvonne Hackenbroch. |
| 260 ## - PUBLICACIÓN, DISTRIBUCIÓN, ETC. | |
| Lugar de publicación, distribución, etc. | Cambridge, Massachusetts |
| Nombre del editor, distribuidor, etc. | Metropolitan Museum of Art : Harvard University |
| Fecha de publicación, distribución, etc. | 1956 |
| 300 ## - DESCRIPCIÓN FÍSICA | |
| Extensión | xxix, 264 p. |
| Otras características físicas | il. (algunas a color), 158 láminas |
| Dimensiones | 31 cm. |
| 500 ## - NOTA GENERAL | |
| Nota general | S31 |
| 504 ## - NOTA DE BIBLIOGRAFÍA, ETC. | |
| Nota de bibliografía, etc. | Bibliografía p. 255-262 |
| 650 14 - PUNTO DE ACCESO ADICIONAL DE MATERIA--TÉRMINO DE MATERIA | |
| Término de materia o nombre geográfico como elemento de entrada | Meissen, porcelana de |
| 9 (RLIN) | 18624 |
| 650 14 - PUNTO DE ACCESO ADICIONAL DE MATERIA--TÉRMINO DE MATERIA | |
| Término de materia o nombre geográfico como elemento de entrada | Porcelana europea |
| 9 (RLIN) | 1611 |
| 650 14 - PUNTO DE ACCESO ADICIONAL DE MATERIA--TÉRMINO DE MATERIA | |
| Término de materia o nombre geográfico como elemento de entrada | Porcelana |
| Subdivisión general | Colecciones particulares |
| 9 (RLIN) | 18625 |
| 650 14 - PUNTO DE ACCESO ADICIONAL DE MATERIA--TÉRMINO DE MATERIA | |
| Término de materia o nombre geográfico como elemento de entrada | Esmalte y esmaltado |
| 9 (RLIN) | 14784 |
| 700 1# - PUNTO DE ACCESO ADICIONAL--NOMBRE DE PERSONA | |
| Nombre de persona | Hackenbroch, Yvonne |
| 9 (RLIN) | 13599 |
| 902 ## - CATALOGADOR | |
| Iniciales | GFM |
| 942 ## - ELEMENTOS DE PUNTO DE ACCESO ADICIONAL (KOHA) | |
| Fuente del sistema de clasificación o colocación | Library of Congress Classification |
| Tipo de ítem Koha | Libros |
| Estado de retiro | Estado de pérdida | Estado dañado | No para préstamo | Localización permanente | Ubicación/localización actual | Fecha de adquisición | Número de inventario | Total de préstamos | Signatura topográfica completa | Código de barras | Fecha visto por última vez | Precio válido a partir de | Tipo de ítem Koha |
|---|---|---|---|---|---|---|---|---|---|---|---|---|---|
| El ejemplar forma parte de la colección y puede ser consultado según las políticas vigentes. | Biblioteca del Museo Franz Mayer (Rogerio Casas-Alatriste) | Biblioteca del Museo Franz Mayer (Rogerio Casas-Alatriste) | 01/06/2013 | S31 | NK4380 .M45 1956 (S31) | 8157 | 22/03/2019 | 22/03/2019 | Libros |